000 00367nam a2200133Ia 4500
999 _c10859
_d10859
008 191201s2009 xx 000 0 und d
100 _aSINGH, Mahendra Prasad
245 0 _aCoalition Politics in India: Problems & Prospects
250 _a1st
260 _aNew Delhi
_bManohar
_c2004
300 _a338
650 _aBachelor of Mass Communication
942 _2ddc
_cBK